| 000 | 00566nmm a2200229 a 4500 | ||
|---|---|---|---|
| 003 | AR-BaBNM | ||
| 005 | 20251128211549.0 | ||
| 008 | 294120s[200 ||||||||||||||000 | spa|| | ||
| 020 | _a950-581-376-7 | ||
| 040 | _cAR-BaBNM | ||
| 100 | 1 | _aRey, Rosa MarĂa | |
| 245 | 1 | 0 | _aSubirse a una higuera |
| 260 |
_aBuenos Aires _bColihue _c[2004?] |
||
| 300 |
_a30 p. _bil. col. |
||
| 650 | 4 | _aCUENTOS | |
| 650 | 4 | _aLIBROS PARA NINOS | |
| 655 | _aLITERATURA | ||
| 700 | 1 |
_aDariozzi, Irma _eilustrador |
|
| 740 | 0 | _aFlores y frutos | |
| 942 | _cBK | ||
| 998 | _cEugenia | ||
| 999 |
_c20202 _d20202 |
||